Fenomén zmeny systémového vojenského vzdelávania v roku 1968 - úvod do spoločnej vedeckej úlohy "Roky premien bezpečnostného vzdelávania v rokoch 1968-1992"

Vzdelávanie a príprava ľudí v oblasti bezpečnosti a obrany je jednou z kľúčových oblastí, ktoré systémovo ovplyvňujú úroveň pripravenosti ozbrojených síl splniť svoje poslanie. Príspevok v historickej skratke skúma tento fenomén z pohľadu plánovaného začatia výskumného projektu pre obdobie rokov 196...

Description complète

Enregistré dans:
Détails bibliographiques
Auteur principal: Kelemen, Miroslav
Autres auteurs: Čech, Ľubomír, 1955-, Mesároš, Marián
Format: Chapitre de livre
Langue:slovaque
Sujets:
Tags: Ajouter un tag
Pas de tags, Soyez le premier à ajouter un tag!

MARC

LEADER 00000naa$a2200000$$$4500
001 0134325
005 20240502072516.5
041 0 |a slo 
044 |a SK 
245 1 0 |a Fenomén zmeny systémového vojenského vzdelávania v roku 1968 - úvod do spoločnej vedeckej úlohy "Roky premien bezpečnostného vzdelávania v rokoch 1968-1992"  |c Miroslav Kelemen, Ľubomír Čech, Marián Mesároš 
520 |a Vzdelávanie a príprava ľudí v oblasti bezpečnosti a obrany je jednou z kľúčových oblastí, ktoré systémovo ovplyvňujú úroveň pripravenosti ozbrojených síl splniť svoje poslanie. Príspevok v historickej skratke skúma tento fenomén z pohľadu plánovaného začatia výskumného projektu pre obdobie rokov 1969-1992. Pozornosť sústreďuje na obdobie spájané s nádejami pred rokom 1968 a sklamaním z vývoja po roku 1968. 
610 2 0 |a bezpečnosť 
610 2 0 |a sily ozbrojené 
610 2 0 |a obrana štátu 
610 2 0 |a vzdelávanie 
610 2 0 |a školy vojenské 
610 2 0 |a história 
100 1 |a Kelemen, Miroslav 
700 1 |a Čech, Ľubomír, 1955- 
700 1 |a Mesároš, Marián